000 00381nam a22001337a 4500
008 151008b xxu||||| |||| 00| 0 eng d
020 _a0314166254
050 _aKF 9619.3 .C75 2005
100 _d2005
245 _aHigh Court case summaries:
260 _aUnited states;
_bThomson,
_c2005.
300 _aviii,351p.:ill;
942 _2lcc
_cBOOKS
_hKF 9619.3 .C75 2005
999 _c7950
_d7950